Mistrzowie federacji KSW - Statystyki

Ogólne statystyki
  • Ten quiz został rozwiązany 209 razy
  • Średni wynik to 20 z 30
Statystyki odpowiedzi
WAGA i DATA Fighter % Poprawnych
Piórkowa 1.12.2018-17.05.2019 Mateusz Gamrot
93%
Lekka 27.05.2016-17.05.2019 Mateusz Gamrot
93%
Półśrednia 17.05.2014-23.12.2017 Borys Mańkowski
89%
Półciężka 31.10.2015-aktualny Tomasz Narkun
88%
Półśrednia 23.12.2017-14.04.2018 Roberto Soldić
87%
Półśrednia 6.10.2018-aktualny Roberto Soldić
87%
Średnia 12.05.2012-28.11.2015 Michał Materla
82%
Ciężka 14.04.2018-aktualny Phill De Fries
81%
Ciężka 27.05.2017-28.05.2017 Marcin Różalski
79%
Piórkowa 3.12.2016-27.05.2017 Marcin Wrzosek
78%
Półciężka 26.11.2011-31.01.2014 Jan Błachowicz
75%
Ciężka 28.09.2013-3.12.2016 Karol Bedorf
75%
Piórkowa (tymczasowy) 27.04.2019-17.05.2019 Salahdine Parnasse
75%
Piórkowa 17.05.2019-aktualny Salahdine Parnasse
75%
Słomkowa (k) 8.06.2013-21.09.2015 Karolina Kowalkiewicz
74%
Lekka (tymczasowy) 14.09.2019-aktualny Norman Parke
73%
Piórkowa 28.11.2015-3.12.2016 Artur Sowiński
71%
Średnia 18.05.2019-aktualny Scott Askham
67%
Kogucia 9.11.2019-aktualny Antun Raćić
64%
Piórkowa 27.05.2017-22.12.2017 Kleber Koike Erbst
64%
Średnia 28.11.2015-30.07.2018 Mamed Chalidow
61%
Półciężka 15.05.2009-18.03.2011 Mamed Chalidow
61%
Półśrednia 14.04.2018-6.10.2018 Dricus Du Plessis
59%
Musza (k) 27.05.2017-23.09.2018 Adriane Lipski
57%
Ciężka 3.12.2016-27.05.2017 Fernando Rodrigues
53%
Półśrednia 1.12.2012-17.05.2014 Aslambek Saidow
43%
Średnia 7.05.2010-26.11.2011 Krzysztof Kułak
37%
Lekka 1.12.2012-2015 Maciej Jewtuszko
37%
Półciężka 23.05.2015-31.10.2015 Goran Reljić
32%
Półciężka 19.11.2011-26.11.2011 Rameau Thierry Sokoudjou
26%
Nie znaleziono quizów pasujących do podanych kryteriów
Rozkład punktacji
Procent ludzi z każdym wynikiem
Percentyl według liczby udzielonych odpowiedzi
Twoja historia wyników
Nie rozwiązałeś tego quizu